000 00342pam a2200145 a 4500
020 _c
041 _h
082 _a158.69999999999999
_bBLU
100 _aBlum, M.L.
245 _aIndustrial Psychology
_hTextual Documents
260 _aNavi Mumbai
_bC B S College Publishing
300 _a631/PB
700 _aNaylor, S.C.
930 _a1710
999 _c108543
_d108543